120 mẩu chuyện ngụ ngôn hè phố

সংরক্ষণ করুন:
গ্রন্থ-পঞ্জীর বিবরন
প্রধান লেখক: Nguyễn ,Thiện Văn
বিন্যাস: গ্রন্থ
ভাষা:Undetermined
প্রকাশিত: Đà Nẵng Nhà xuất bản Đà Nẵng 2004
বিষয়গুলি:
ট্যাগগুলো: ট্যাগ যুক্ত করুন
কোনো ট্যাগ নেই, প্রথমজন হিসাবে ট্যাগ করুন!
Thư viện lưu trữ: Trung tâm Học liệu Trường Đại học Cần Thơ
LEADER 00604nam a2200205Ia 4500
001 CTU_64588
008 210402s9999 xx 000 0 und d
020 |b 15000 
082 |a 428.64 
082 |b V115/T.1 
100 |a Nguyễn ,Thiện Văn 
245 0 |a 120 mẩu chuyện ngụ ngôn hè phố 
245 0 |c Nguyễn Thiện Văn (Biên soạn) 
260 |a Đà Nẵng 
260 |b Nhà xuất bản Đà Nẵng 
260 |c 2004 
650 |a English language 
650 |x Readers 
904 |i Minh 
980 |a Trung tâm Học liệu Trường Đại học Cần Thơ